Are you a cow? / [Board Book] by Sandra Boynton.
Available copies
- 0 of 2 copies available at LARL/NWRL Consortium.
Current holds
0 current holds with 2 total copies.
Show Only Available Copies
| Location | Call Number / Copy Notes | Barcode | Shelving Location | Status | Due Date |
|---|---|---|---|---|---|
| Roseau Public Library | e BOY (BOARD BOOK) (Text) | 35500006927428 | New | Checked out | 06/05/2026 |
| Warroad Public Library | e BOY (BOARD BOOK) (Text) | 35500005211931 | Main | Checked out | 05/26/2026 |
Record details
- ISBN: 9781442417335 (board)
- ISBN: 1442417331 (board)
- Physical Description: 1 v. (unpaged) : col. ill. ; 15 cm.
- Edition: 1st ed.
- Publisher: New York : Little Simon, 2012, c2010.
Content descriptions
| General Note: | On board pages. |
| Summary, etc.: | Readers respond to a chicken's questions about ... Read More |
Search for related items by subject
| Subject: | Animals > Juvenile fiction. Identity (Psychology) > Juvenile fiction. Stories in rhyme. |
| Genre: | Board books. |
Search for related items by series
| LDR | 01283cam a2200325Ia 4500 | ||
|---|---|---|---|
| 001 | 157191 | ||
| 003 | LARL_NWRL_CONSORTIUM | ||
| 005 | 20120810015710.0 | ||
| 008 | 110714t20122010nyua a 000 1 eng d | ||
| 020 | . | ‡a9781442417335 (board) | |
| 020 | . | ‡a1442417331 (board) | |
| 035 | . | ‡a(OCoLC)741542485 | |
| 049 | . | ‡aNRG | |
| 082 | 0 | 4. | ‡a[E] ‡223 |
| 100 | 1 | . | ‡aBoynton, Sandra. ‡0(LARL_NWRL_CONSORTIUM)53777 |
| 245 | 1 | 0. | ‡aAre you a cow? / ‡h[Board Book] ‡cby Sandra Boynton. |
| 250 | . | ‡a1st ed. | |
| 260 | . | ‡aNew York : ‡bLittle Simon, ‡c2012, c2010. | |
| 300 | . | ‡a1 v. (unpaged) : ‡bcol. ill. ; ‡c15 cm. | |
| 490 | 0 | . | ‡aBoynton board book |
| 500 | . | ‡aOn board pages. | |
| 520 | . | ‡aReaders respond to a chicken's questions about different animals and learn how great it is to just be themselves. | |
| 650 | 0. | ‡aAnimals ‡vJuvenile fiction. ‡0(LARL_NWRL_CONSORTIUM)162061 | |
| 650 | 0. | ‡aIdentity (Psychology) ‡vJuvenile fiction. ‡0(LARL_NWRL_CONSORTIUM)169850 | |
| 650 | 0. | ‡aStories in rhyme. ‡0(LARL_NWRL_CONSORTIUM)162453 | |
| 655 | 0. | ‡aBoard books. | |
| 901 | . | ‡a157191 ‡bISxN ‡c157191 ‡tbiblio | |

Add to basket
Permalink
Disable Highlighting